[Event "Friendship Match AZE-TUR Day 2"]
[Site "Mustafa Kemal Atatürk"]
[Date "2020.08.09"]
[Round "1"]
[White "Shak"]
[Black "Dust Tornado"]
[Result "1-0"]
[WhiteElo "1665"]
[BlackElo "2062"]
[PlyCount "55"]
[EventDate "2020.08.09"]
[EventType "team-tourn (rapid)"]

1. d4 {[%emt 0:00:05]} d5 {[%emt 0:00:02]} 2. c4 {[%emt 0:00:02]} c6 {[%emt 0:00:02]} 3. Nc3 {[%emt 0:00:01]} Nf6 {[%emt 0:00:02]} 4. e3 {[%emt 0:00:01]} e6 {[%emt 0:00:02]} 5. Nf3 {[%emt 0:00:01]} Nbd7 {[%emt 0:00:02]} 6. Qc2 {[%emt 0:00:01]} Bd6 {[%emt 0:00:02]} 7. g4 {[%emt 0:00:01]} Nxg4 {[%emt 0:00:03]} 8. Rg1 {[%emt 0:00:02]} Qf6 {[%emt 0:00:04]} 9. Rxg4 {[%emt 0:00:01]} Qxf3 {[%emt 0:00:02]} 10. Rxg7 {[%emt 0:00:01]} Nf6 {[%emt 0:00:02]} 11. Rg5 {[%emt 0:00:06]} Qh1 {[%emt 0:00:05]} 12. Bd2 {[%emt 0:00:05]} Bd7 {[%emt 0:00:09]} 13. O-O-O {[%emt 0:00:48]} Qxh2 {[%emt 0:00:03]} 14. cxd5 {[%emt 0:00:01] Dust Tornado reconnected.} cxd5 {[%emt 0:01:27]} 15. e4 {[%emt 0:00:03]} dxe4 {[%emt 0:05:47]} 16. Nxe4 {[%emt 0:00:40]} Nxe4 {[%emt 0:03:08]} 17. Qxe4 {[%emt 0:00:05]} Qxf2 {[%emt 0:00:07]} 18. Kb1 {[%emt 0:01:28]} Be7 {[%emt 0:01:03]} 19. Qxb7 {[%emt 0:01:30]} Rd8 {[%emt 0:00:10]} 20. Ra5 {[%emt 0:02:49]} O-O {[%emt 0:02:46]} 21. Bd3 {[%emt 0:02:04]} f5 {[%emt 0:00:51] Shak reconnected.} 22. Re5 {[%emt 0:00:12]} Bf6 {[%emt 0:00:17]} 23. Re2 {[%emt 0:00:55]} Qxd4 {[%emt 0:00:29]} 24. Bc3 {[%emt 0:00:02]} Qb6 {[%emt 0:00:08]} 25. Qg2+ {[%emt 0:02:02]} Kh8 {[%emt 0:00:01]} 26. Rh1 {[%emt 0:00:17]} Bxc3 {[%emt 0:00:09]} 27. Qg6 {[%emt 0:00:03]} Qg1+ {[%emt 0:00:09]} 28. Qxg1 {[%emt 0:00:02] Dust Tornado resigns (Lag: Av=3.72s, max=82.7s)} 1-0

[Event "Friendship Match AZE-TUR Day 2"]
[Site "Mustafa Kemal Atatürk"]
[Date "2020.08.09"]
[Round "1"]
[White "Mammadzada"]
[Black "EkaterinaAtalik"]
[Result "1-0"]
[WhiteElo "1620"]
[BlackElo "1620"]
[Annotator "NA"]
[PlyCount "45"]
[EventDate "2020.08.09"]
[EventType "team-tourn (rapid)"]

1. e4 {[%emt 0:00:06]} c6 {[%emt 0:00:02]} 2. d4 {[%emt 0:00:03]} d5 {[%emt 0:00:02]} 3. Nc3 {[%emt 0:00:02]} dxe4 {[%emt 0:00:03]} 4. Nxe4 {[%emt 0:00:01]} Bf5 {[%emt 0:00:02]} 5. Ng3 {[%emt 0:00:01]} Bg6 {[%emt 0:00:03]} 6. h4 {[%emt 0:00:02]} h6 {[%emt 0:00:03]} 7. Nf3 {[%emt 0:00:06]} e6 {[%emt 0:00:02]} 8. Ne5 {[%emt 0:00:05]} Bh7 {[%emt 0:00:03]} 9. Bd3 {[%emt 0:00:07]} Bxd3 {[%emt 0:00:03]} 10. Qxd3 {[%emt 0:00:00]} Nd7 {[%emt 0:00:09]} 11. Qe2 {[%emt 0:00:05]} Ngf6 {[%emt 0:00:30]} 12. Bd2 {[%emt 0:00:04]} Be7 {[%emt 0:00:21]} 13. O-O-O {[%emt 0:00:15]} O-O {[%emt 0:00:04]} 14. Kb1 {[%emt 0:00:13]} Qc7 {[%emt 0:00:32]} 15. Bf4 {[%emt 0:01:07]} Nd5 {[%emt 0:01:30]} 16. Bc1 {[%emt 0:00:08]} N7f6 {[%emt 0:00:47]} 17. c4 {[%emt 0:01:20]} Nb6 {[%emt 0:00:05]} 18. Bf4 {[%emt 0:00:30]} Qc8 {[%emt 0:00:09]} 19. Rh3 {[%emt 0:02:37]} c5 {[%emt 0:00:07]} 20. Nh5 {[%emt 0:00:29]} Nxh5 {[%emt 0:04:50]} 21. Qxh5 {[%emt 0:00:04]} cxd4 {[%emt 0:01:58]} 22. Bxh6 {[%emt 0:01:46]} Bf6 {[%emt 0:00:49]} 23. Rg3 {[%emt 0:00:21] (Lag: Av=0.40s, max=1.0s)} 1-0

[Event "Friendship Match AZE-TUR Day 2"]
[Site "Mustafa Kemal Atatürk"]
[Date "2020.08.09"]
[Round "1"]
[White "Silacglr04"]
[Black "Gul91"]
[Result "0-1"]
[WhiteElo "1620"]
[BlackElo "1681"]
[Annotator "NA"]
[PlyCount "98"]
[EventDate "2020.08.09"]
[EventType "team-tourn (rapid)"]

1. e4 {[%emt 0:00:03]} e6 {[%emt 0:00:02]} 2. d4 {[%emt 0:00:03]} d5 {[%emt 0:00:02]} 3. Nd2 {[%emt 0:00:01]} Be7 {[%emt 0:00:03]} 4. Ngf3 {[%emt 0:00:02]} Nf6 {[%emt 0:00:05]} 5. Bd3 {[%emt 0:00:03]} c5 {[%emt 0:00:08]} 6. c3 {[%emt 0:00:02]} Nc6 {[%emt 0:00:03]} 7. O-O {[%emt 0:00:05] Silacglr04 reconnected.} h6 {[%emt 0:02:19]} 8. Re1 {[%emt 0:01:21]} c4 {[%emt 0:00:46]} 9. Bc2 {[%emt 0:00:09]} b5 {[%emt 0:00:15]} 10. Qe2 {[%emt 0:01:07]} dxe4 {[%emt 0:01:14]} 11. Nxe4 {[%emt 0:00:04]} Bb7 {[%emt 0:00:10]} 12. a4 {[%emt 0:00:55]} a6 {[%emt 0:00:14]} 13. axb5 {[%emt 0:03:03]} axb5 {[%emt 0:00:03]} 14. Rxa8 {[%emt 0:00:01]} Bxa8 {[%emt 0:00:50]} 15. b3 {[%emt 0:00:33]} cxb3 {[%emt 0:01:11]} 16. Nxf6+ {[%emt 0:00:22]} gxf6 {[%emt 0:00:17]} 17. Bxb3 {[%emt 0:00:02]} Na5 {[%emt 0:00:08]} 18. Ba2 {[%emt 0:00:51]} Qd7 {[%emt 0:00:36]} 19. Bf4 {[%emt 0:01:06]} Bd5 {[%emt 0:01:45]} 20. Bxd5 {[%emt 0:01:31]} Qxd5 {[%emt 0:00:00]} 21. Ra1 {[%emt 0:00:16]} Nc4 {[%emt 0:00:05]} 22. Qa2 {[%emt 0:01:08]} Bd8 {[%emt 0:02:31]} 23. Qa8 {[%emt 0:02:49]} Qxa8 {[%emt 0:00:08]} 24. Rxa8 {[%emt 0:00:00]} Nb6 {[%emt 0:00:13]} 25. Rb8 {[%emt 0:00:48]} Kd7 {[%emt 0:01:35]} 26. Rb7+ {[%emt 0:00:38]} Kc6 {[%emt 0:00:29]} 27. Rxf7 {[%emt 0:00:01]} Nd5 {[%emt 0:00:01]} 28. Bd2 {[%emt 0:00:01]} Be7 {[%emt 0:00:15]} 29. Kf1 {[%emt 0:00:04]} h5 {[%emt 0:00:03]} 30. h4 {[%emt 0:00:14]} Kd7 {[%emt 0:00:22]} 31. Ke2 {[%emt 0:00:05]} Ke8 {[%emt 0:00:29]} 32. Rg7 {[%emt 0:00:01]} Kf8 {[%emt 0:00:01]} 33. Rg3 {[%emt 0:00:02]} Kf7 {[%emt 0:00:03]} 34. Rh3 {[%emt 0:00:03]} Rc8 {[%emt 0:00:15]} 35. Ne1 {[%emt 0:00:17]} Rg8 {[%emt 0:00:09]} 36. g3 {[%emt 0:00:05]} Ra8 {[%emt 0:00:04]} 37. Nd3 {[%emt 0:00:03]} Ra2 {[%emt 0:00:03]} 38. Kd1 {[%emt 0:00:08]} Nb6 {[%emt 0:00:03]} 39. Nc1 {[%emt 0:00:03]} Rb2 {[%emt 0:00:06]} 40. Rh1 {[%emt 0:00:09]} Nc4 {[%emt 0:00:03]} 41. Be3 {[%emt 0:00:03]} b4 {[%emt 0:00:17]} 42. cxb4 {[%emt 0:00:10]} Bxb4 {[%emt 0:00:01]} 43. Rg1 {[%emt 0:00:04]} f5 {[%emt 0:00:22]} 44. Ne2 {[%emt 0:00:06]} Nxe3+ {[%emt 0:00:10]} 45. fxe3 {[%emt 0:00:00]} Rd2+ {[%emt 0:00:01]} 46. Ke1 {[%emt 0:00:01]} Rxd4+ {[%emt 0:00:01]} 47. Kf2 {[%emt 0:00:01]} Rd2 {[%emt 0:00:04]} 48. Kf3 {[%emt 0:00:02]} e5 {[%emt 0:00:06]} 49. Rb1 {[%emt 0:00:03]} Bd6 {[%emt 0:00:04] Zaman (Lag: Av=0.61s, max=1.7s)} 0-1

[Event "Friendship Match AZE-TUR Day 2"]
[Site "Mustafa Kemal Atatürk"]
[Date "2020.08.09"]
[Round "1"]
[White "SuleymanliAydin1"]
[Black "NormLife"]
[Result "1/2-1/2"]
[WhiteElo "1620"]
[BlackElo "1849"]
[Annotator "NA"]
[PlyCount "140"]
[EventDate "2020.08.09"]
[EventType "team-tourn (rapid)"]

1. d4 {[%emt 0:00:03]} Nf6 {[%emt 0:00:06]} 2. c4 {[%emt 0:00:02]} c6 {[%emt 0:00:01]} 3. Nf3 {[%emt 0:00:41]} d5 {[%emt 0:00:04]} 4. e3 {[%emt 0:00:01]} Bf5 {[%emt 0:00:21]} 5. Nc3 {[%emt 0:00:05]} e6 {[%emt 0:00:03]} 6. Bd3 {[%emt 0:00:05]} Bxd3 {[%emt 0:00:06]} 7. Qxd3 {[%emt 0:00:00]} Bb4 {[%emt 0:00:02]} 8. O-O {[%emt 0:00:02]} O-O {[%emt 0:00:04]} 9. Bd2 {[%emt 0:00:01]} Ba5 {[%emt 0:00:17]} 10. Rab1 {[%emt 0:00:30]} Nbd7 {[%emt 0:00:12]} 11. b4 {[%emt 0:00:03]} Bc7 {[%emt 0:00:03]} 12. Rfd1 {[%emt 0:09:49]} Nb6 {[%emt 0:01:25]} 13. c5 {[%emt 0:00:13]} Nc4 {[%emt 0:00:03]} 14. a4 {[%emt 0:02:48]} Re8 {[%emt 0:00:30]} 15. b5 {[%emt 0:00:55]} e5 {[%emt 0:00:37]} 16. dxe5 {[%emt 0:00:02]} Nxe5 {[%emt 0:00:02]} 17. Nxe5 {[%emt 0:00:02]} Bxe5 {[%emt 0:00:17]} 18. bxc6 {[%emt 0:00:47]} bxc6 {[%emt 0:00:46]} 19. h3 {[%emt 0:00:22]} Qe7 {[%emt 0:00:14]} 20. Rdc1 {[%emt 0:00:02]} Rab8 {[%emt 0:01:12]} 21. Ne2 {[%emt 0:00:07]} Ne4 {[%emt 0:00:21]} 22. Be1 {[%emt 0:00:10]} Nxc5 {[%emt 0:00:36]} 23. Qc2 {[%emt 0:00:02]} Rxb1 {[%emt 0:00:10]} 24. Rxb1 {[%emt 0:00:01]} Bd6 {[%emt 0:01:22]} 25. Nd4 {[%emt 0:00:02]} Qd7 {[%emt 0:00:19]} 26. Rc1 {[%emt 0:00:12]} Rc8 {[%emt 0:00:33]} 27. Bb4 {[%emt 0:00:07]} Ne6 {[%emt 0:01:25]} 28. Nxc6 {[%emt 0:00:04]} Bxb4 {[%emt 0:03:01]} 29. Ne7+ {[%emt 0:00:02]} Bxe7 {[%emt 0:01:04]} 30. Qxc8+ {[%emt 0:00:02]} Qd8 {[%emt 0:00:00]} 31. Qb7 {[%emt 0:00:11]} Bc5 {[%emt 0:00:04]} 32. Qc6 {[%emt 0:00:09]} Bb6 {[%emt 0:00:23]} 33. Rd1 {[%emt 0:00:03]} d4 {[%emt 0:00:07]} 34. a5 {[%emt 0:00:03]} Bc5 {[%emt 0:00:10]} 35. exd4 {[%emt 0:00:04]} Bxd4 {[%emt 0:00:22]} 36. Rd2 {[%emt 0:00:02]} Qxa5 {[%emt 0:00:24]} 37. Re2 {[%emt 0:00:07]} Qd8 {[%emt 0:00:19]} 38. g3 {[%emt 0:00:10]} g6 {[%emt 0:00:02]} 39. Kg2 {[%emt 0:00:02]} Kg7 {[%emt 0:00:04]} 40. Qb7 {[%emt 0:00:05]} Qb6 {[%emt 0:00:05]} 41. Qd7 {[%emt 0:00:04]} Bf6 {[%emt 0:00:21]} 42. Rc2 {[%emt 0:00:09]} Qd4 {[%emt 0:00:08]} 43. Qb7 {[%emt 0:00:02]} Nc5 {[%emt 0:00:17]} 44. Qc6 {[%emt 0:00:03]} Nd3 {[%emt 0:00:02]} 45. Qe8 {[%emt 0:00:09]} Qe5 {[%emt 0:00:08]} 46. Qxe5 {[%emt 0:00:04]} Nxe5 {[%emt 0:00:18]} 47. Ra2 {[%emt 0:00:05]} Nd3 {[%emt 0:00:01]} 48. f3 {[%emt 0:00:07]} Bd4 {[%emt 0:00:18]} 49. Rd2 {[%emt 0:00:02]} Ne1+ {[%emt 0:00:03]} 50. Kf1 {[%emt 0:00:01]} Bb6 {[%emt 0:00:07]} 51. Ke2 {[%emt 0:00:04]} Ng2 {[%emt 0:00:03]} 52. Rd7 {[%emt 0:00:07]} Ne3 {[%emt 0:00:02]} 53. Rb7 {[%emt 0:00:01]} Nd5 {[%emt 0:00:01]} 54. Kd3 {[%emt 0:00:02]} h5 {[%emt 0:00:03]} 55. Rd7 {[%emt 0:00:10]} Nf6 {[%emt 0:00:02]} 56. Rb7 {[%emt 0:00:01]} h4 {[%emt 0:00:02]} 57. gxh4 {[%emt 0:00:01]} Nh5 {[%emt 0:00:03]} 58. Ke4 {[%emt 0:00:03]} Bf2 {[%emt 0:00:02]} 59. f4 {[%emt 0:00:04]} Bb6 {[%emt 0:00:10]} 60. Kf3 {[%emt 0:00:05]} Nf6 {[%emt 0:00:06]} 61. Rb8 {[%emt 0:00:10]} Bc7 {[%emt 0:00:08]} 62. Rb7 {[%emt 0:00:05]} Bb6 {[%emt 0:00:01]} 63. Rb8 {[%emt 0:00:01]} Bc5 {[%emt 0:00:05]} 64. Rb5 {[%emt 0:00:02]} Bb6 {[%emt 0:00:02]} 65. f5 {[%emt 0:00:02]} gxf5 {[%emt 0:00:01]} 66. Rxf5 {[%emt 0:00:01]} a5 {[%emt 0:00:03]} 67. Rb5 {[%emt 0:00:02]} Bd8 {[%emt 0:00:02]} 68. h5 {[%emt 0:00:06]} a4 {[%emt 0:00:03]} 69. Rb7 {[%emt 0:00:05]} Nxh5 {[%emt 0:00:38]} 70. Ra7 {[%emt 0:00:02] NormLife beraberlik teklif ediyor} Nf6 {[%emt 0:00:07]} 1/2-1/2

[Event "Friendship Match AZE-TUR Day 2"]
[Site "Mustafa Kemal Atatürk"]
[Date "2020.08.09"]
[Round "1"]
[White "eceozbaay"]
[Black "Gb_23"]
[Result "0-1"]
[WhiteElo "1620"]
[BlackElo "1620"]
[Annotator "NA"]
[PlyCount "128"]
[EventDate "2020.08.09"]
[EventType "team-tourn (rapid)"]

1. e4 {[%emt 0:00:08]} c5 {[%emt 0:00:03]} 2. Nf3 {[%emt 0:00:03]} d6 {[%emt 0:00:05]} 3. d4 {[%emt 0:00:02]} cxd4 {[%emt 0:00:01]} 4. Qxd4 {[%emt 0:00:02]} Nf6 {[%emt 0:00:00]} 5. c4 {[%emt 0:00:03]} Nc6 {[%emt 0:00:12]} 6. Qd3 {[%emt 0:00:06]} g6 {[%emt 0:00:10]} 7. Nc3 {[%emt 0:00:02]} Bg7 {[%emt 0:00:01]} 8. Be2 {[%emt 0:00:07]} O-O {[%emt 0:00:02]} 9. O-O {[%emt 0:00:02]} Bg4 {[%emt 0:00:38]} 10. h3 {[%emt 0:01:08]} Bxf3 {[%emt 0:00:10]} 11. Qxf3 {[%emt 0:00:01]} Nd4 {[%emt 0:00:40]} 12. Qd3 {[%emt 0:00:19]} Nd7 {[%emt 0:00:07]} 13. Be3 {[%emt 0:00:58]} Nc5 {[%emt 0:01:29]} 14. Qd2 {[%emt 0:00:35]} Nxe2+ {[%emt 0:00:04]} 15. Qxe2 {[%emt 0:00:09]} Bxc3 {[%emt 0:00:04]} 16. bxc3 {[%emt 0:00:01]} Qa5 {[%emt 0:00:57]} 17. Bh6 {[%emt 0:00:36]} Rfd8 {[%emt 0:01:07]} 18. Qe3 {[%emt 0:01:07]} Na4 {[%emt 0:00:20]} 19. Rab1 {[%emt 0:02:47]} b6 {[%emt 0:00:15]} 20. Rb4 {[%emt 0:00:23]} Nc5 {[%emt 0:01:08]} 21. Ra1 {[%emt 0:02:40]} Rac8 {[%emt 0:00:11]} 22. a4 {[%emt 0:00:51]} Ne6 {[%emt 0:02:12]} 23. Rb5 {[%emt 0:01:20]} Qa6 {[%emt 0:00:04]} 24. Qd3 {[%emt 0:00:16]} Qb7 {[%emt 0:01:40]} 25. a5 {[%emt 0:03:11]} Qc7 {[%emt 0:01:52]} 26. axb6 {[%emt 0:00:07]} axb6 {[%emt 0:00:00]} 27. Rb4 {[%emt 0:00:05]} Ra8 {[%emt 0:00:05]} 28. Rab1 {[%emt 0:00:03]} Rdb8 {[%emt 0:00:32]} 29. Kh1 {[%emt 0:00:08]} Ra2 {[%emt 0:00:51]} 30. R4b2 {[%emt 0:00:05]} Rxb2 {[%emt 0:00:11]} 31. Rxb2 {[%emt 0:00:00]} Rc8 {[%emt 0:00:20]} 32. Rb4 {[%emt 0:00:02]} Ra8 {[%emt 0:00:20]} 33. f4 {[%emt 0:00:06]} Ra1+ {[%emt 0:00:47]} 34. Rb1 {[%emt 0:00:02]} Rxb1+ {[%emt 0:00:14]} 35. Qxb1 {[%emt 0:00:00]} Qxc4 {[%emt 0:00:35]} 36. Qxb6 {[%emt 0:00:02]} f6 {[%emt 0:00:07]} 37. Qb8+ {[%emt 0:00:18]} Kf7 {[%emt 0:00:01]} 38. f5 {[%emt 0:00:01]} gxf5 {[%emt 0:00:04]} 39. exf5 {[%emt 0:00:03]} Qf1+ {[%emt 0:00:01]} 40. Kh2 {[%emt 0:00:01]} Qxf5 {[%emt 0:00:00]} 41. Qh8 {[%emt 0:00:17]} Qg6 {[%emt 0:00:16]} 42. Be3 {[%emt 0:00:10]} Qh5 {[%emt 0:00:12]} 43. Bf2 {[%emt 0:00:06]} Qf5 {[%emt 0:00:13]} 44. Bg3 {[%emt 0:00:03]} Nc5 {[%emt 0:00:02]} 45. Qb8 {[%emt 0:00:08]} Ne4 {[%emt 0:00:02]} 46. Qb3+ {[%emt 0:00:01]} Qe6 {[%emt 0:00:13]} 47. Qc2 {[%emt 0:00:05]} Nxg3 {[%emt 0:00:10]} 48. Qxh7+ {[%emt 0:00:01]} Ke8 {[%emt 0:00:01]} 49. Kxg3 {[%emt 0:00:04]} Qe5+ {[%emt 0:00:01]} 50. Kf2 {[%emt 0:00:04]} Qc5+ {[%emt 0:00:01]} 51. Kf1 {[%emt 0:00:04]} Qxc3 {[%emt 0:00:03]} 52. Qg8+ {[%emt 0:00:03]} Kd7 {[%emt 0:00:01]} 53. Qg4+ {[%emt 0:00:01]} Kc7 {[%emt 0:00:02]} 54. h4 {[%emt 0:00:02]} Qc1+ {[%emt 0:00:08]} 55. Kf2 {[%emt 0:00:04]} Qd2+ {[%emt 0:00:01]} 56. Kf1 {[%emt 0:00:03]} Qd3+ {[%emt 0:00:10]} 57. Kg1 {[%emt 0:00:04]} Qe3+ {[%emt 0:00:15]} 58. Kh1 {[%emt 0:00:16]} d5 {[%emt 0:00:03]} 59. h5 {[%emt 0:00:08]} d4 {[%emt 0:00:02]} 60. Qd1 {[%emt 0:00:14]} d3 {[%emt 0:00:02]} 61. Kh2 {[%emt 0:00:03]} d2 {[%emt 0:00:01]} 62. Qc2+ {[%emt 0:00:02]} Kd6 {[%emt 0:00:02]} 63. Qb1 {[%emt 0:00:08]} Qe5+ {[%emt 0:00:02]} 64. Kh3 {[%emt 0:00:05]} Qxh5+ {[%emt 0:00:01] eceozbaay Terk (Lag: Av=0.73s, max=3.1s)} 0-1

[Event "Friendship Match AZE-TUR Day 2"]
[Site "Mustafa Kemal Atatürk"]
[Date "2020.08.09"]
[Round "1"]
[White "RuznaMamuna"]
[Black "GGuseinov"]
[Result "1/2-1/2"]
[WhiteElo "1614"]
[BlackElo "1620"]
[Annotator "NA"]
[PlyCount "117"]
[EventDate "2020.08.09"]
[EventType "team-tourn (rapid)"]
[TimeControl "900+5"]

1. e4 {[%emt 0:00:01]} c5 {[%emt 0:00:01]} 2. Nf3 {[%emt 0:00:03]} g6 {[%emt 0:00:03]} 3. d4 {[%emt 0:00:03]} cxd4 {[%emt 0:00:01]} 4. Nxd4 {[%emt 0:00:01]} Nc6 {[%emt 0:00:02]} 5. c4 {[%emt 0:00:03]} Nf6 {[%emt 0:00:01]} 6. Nc3 {[%emt 0:00:02]} Nxd4 {[%emt 0:00:01]} 7. Qxd4 {[%emt 0:00:02]} d6 {[%emt 0:00:00]} 8. Be2 {[%emt 0:00:05]} Bg7 {[%emt 0:00:03]} 9. Be3 {[%emt 0:00:09]} O-O {[%emt 0:00:02]} 10. Qd2 {[%emt 0:00:10]} a5 {[%emt 0:00:01]} 11. f3 {[%emt 0:00:36]} a4 {[%emt 0:00:03]} 12. Kf2 {[%emt 0:00:53]} Be6 {[%emt 0:00:06]} 13. Rac1 {[%emt 0:00:23]} Nd7 {[%emt 0:00:12]} 14. Rhd1 {[%emt 0:03:57]} Qa5 {[%emt 0:00:07]} 15. Nd5 {[%emt 0:03:08]} Rfe8 {[%emt 0:00:04]} 16. Qxa5 {[%emt 0:01:01]} Rxa5 {[%emt 0:00:00]} 17. Rc2 {[%emt 0:00:06]} Kf8 {[%emt 0:00:18]} 18. Bd4 {[%emt 0:01:59]} Bxd4+ {[%emt 0:00:29]} 19. Rxd4 {[%emt 0:00:03]} Rc8 {[%emt 0:00:00]} 20. Ne3 {[%emt 0:00:05]} Ne5 {[%emt 0:00:43]} 21. Rd1 {[%emt 0:00:26]} Rac5 {[%emt 0:00:20]} 22. Rdc1 {[%emt 0:00:03]} Nc6 {[%emt 0:00:25]} 23. a3 {[%emt 0:00:14]} Nd4 {[%emt 0:00:49]} 24. Rc3 {[%emt 0:00:03]} Nb3 {[%emt 0:00:05]} 25. Rd1 {[%emt 0:00:48]} R8c6 {[%emt 0:00:14]} 26. g4 {[%emt 0:00:13]} Na5 {[%emt 0:00:30]} 27. Rdc1 {[%emt 0:00:06]} Rb6 {[%emt 0:00:06]} 28. R1c2 {[%emt 0:00:08]} g5 {[%emt 0:00:05]} 29. Kg3 {[%emt 0:00:36]} Nb3 {[%emt 0:00:27]} 30. Bd1 {[%emt 0:00:20]} Na5 {[%emt 0:00:21]} 31. Rd2 {[%emt 0:00:40]} Bd7 {[%emt 0:00:02]} 32. h4 {[%emt 0:00:22]} h6 {[%emt 0:00:07]} 33. hxg5 {[%emt 0:00:02]} hxg5 {[%emt 0:00:00]} 34. Rh2 {[%emt 0:00:16]} Kg7 {[%emt 0:00:07]} 35. Nd5 {[%emt 0:00:11]} Ra6 {[%emt 0:00:10]} 36. Nxe7 {[%emt 0:00:02]} Rxc4 {[%emt 0:00:28]} 37. Rxc4 {[%emt 0:00:07]} Nxc4 {[%emt 0:00:00]} 38. Be2 {[%emt 0:00:02]} b5 {[%emt 0:00:02]} 39. Bxc4 {[%emt 0:00:03]} bxc4 {[%emt 0:00:00]} 40. Nd5 {[%emt 0:00:08]} Be6 {[%emt 0:00:15]} 41. Nc3 {[%emt 0:00:01]} Kf6 {[%emt 0:00:22]} 42. Kf2 {[%emt 0:00:10]} Ke5 {[%emt 0:00:26]} 43. Ke3 {[%emt 0:00:02]} Ra8 {[%emt 0:00:01]} 44. Rh5 {[%emt 0:00:11]} Kf6 {[%emt 0:00:01]} 45. Rh6+ {[%emt 0:00:02]} Kg7 {[%emt 0:00:23]} 46. Rh2 {[%emt 0:00:02]} Kf6 {[%emt 0:00:04]} 47. Kd4 {[%emt 0:00:01]} Ra6 {[%emt 0:00:21]} 48. Rh6+ {[%emt 0:00:04]} Kg7 {[%emt 0:00:02]} 49. Rh2 {[%emt 0:00:03]} Kf6 {[%emt 0:00:02]} 50. Re2 {[%emt 0:00:33]} Ra5 {[%emt 0:00:19]} 51. Na2 {[%emt 0:00:06]} Ra8 {[%emt 0:00:17]} 52. Rh2 {[%emt 0:00:02]} Kg7 {[%emt 0:00:37]} 53. Nc3 {[%emt 0:00:09]} Ra5 {[%emt 0:00:12]} 54. Rd2 {[%emt 0:00:09]} Kf6 {[%emt 0:00:02]} 55. Ke3 {[%emt 0:00:05]} Ke5 {[%emt 0:00:05]} 56. Rh2 {[%emt 0:00:02]} Ra8 {[%emt 0:00:11]} 57. Rh5 {[%emt 0:00:01]} Kf6 {[%emt 0:00:01]} 58. Rh6+ {[%emt 0:00:13]} Ke5 {[%emt 0:00:09]} 59. Rh5 {[%emt 0:00:11] (Lag: Av=1.06s, max=1.9s)} 1/2-1/2

[Event "Friendship Match AZE-TUR Day 2"]
[Site "Mustafa Kemal Atatürk"]
[Date "2020.08.09"]
[Round "2"]
[White "Dust Tornado"]
[Black "Shak"]
[Result "0-1"]
[WhiteElo "2031"]
[BlackElo "1708"]
[PlyCount "68"]
[EventDate "2020.08.09"]
[EventType "team-tourn (rapid)"]

1. e4 {[%emt 0:00:02]} e5 {[%emt 0:00:02]} 2. Nf3 {[%emt 0:00:02]} Nc6 {[%emt 0:00:02]} 3. Bb5 {[%emt 0:00:01]} a6 {[%emt 0:00:04]} 4. Ba4 {[%emt 0:00:01]} Nf6 {[%emt 0:00:01]} 5. O-O {[%emt 0:00:01]} Nxe4 {[%emt 0:00:03]} 6. d4 {[%emt 0:00:07]} b5 {[%emt 0:00:01]} 7. Bb3 {[%emt 0:00:03]} d5 {[%emt 0:00:01]} 8. dxe5 {[%emt 0:00:02]} Be6 {[%emt 0:00:02]} 9. Qe2 {[%emt 0:00:49]} Nc5 {[%emt 0:00:04]} 10. Rd1 {[%emt 0:00:08]} Nxb3 {[%emt 0:00:03]} 11. axb3 {[%emt 0:00:02]} Be7 {[%emt 0:00:06]} 12. c4 {[%emt 0:00:12]} b4 {[%emt 0:00:03]} 13. cxd5 {[%emt 0:01:00]} Bxd5 {[%emt 0:00:03]} 14. Qd3 {[%emt 0:00:32]} Be4 {[%emt 0:00:05]} 15. Qe2 {[%emt 0:00:42]} Bd5 {[%emt 0:00:02]} 16. Bf4 {[%emt 0:02:08]} O-O {[%emt 0:00:24]} 17. Nbd2 {[%emt 0:00:09]} Qc8 {[%emt 0:01:26]} 18. Rac1 {[%emt 0:00:10]} Rd8 {[%emt 0:00:29]} 19. Nc4 {[%emt 0:02:47]} Qg4 {[%emt 0:02:30]} 20. Be3 {[%emt 0:01:06]} h6 {[%emt 0:01:53]} 21. Rd2 {[%emt 0:00:39]} a5 {[%emt 0:01:14]} 22. Rcd1 {[%emt 0:01:05]} Bxc4 {[%emt 0:01:01]} 23. Rxd8+ {[%emt 0:00:19]} Bxd8 {[%emt 0:01:10]} 24. Qxc4 {[%emt 0:00:46]} Qxc4 {[%emt 0:00:49]} 25. bxc4 {[%emt 0:00:02]} a4 {[%emt 0:00:01]} 26. Bc5 {[%emt 0:00:35]} a3 {[%emt 0:00:40]} 27. bxa3 {[%emt 0:01:09]} bxa3 {[%emt 0:00:00]} 28. Ra1 {[%emt 0:00:12]} a2 {[%emt 0:00:10]} 29. Kf1 {[%emt 0:00:27]} Ra4 {[%emt 0:00:21]} 30. Nd2 {[%emt 0:00:31]} Nxe5 {[%emt 0:00:26]} 31. Nb3 {[%emt 0:00:20]} Nd3 {[%emt 0:01:53]} 32. Bd4 {[%emt 0:00:04]} Ra3 {[%emt 0:00:18]} 33. Nd2 {[%emt 0:00:22]} c5 {[%emt 0:00:08]} 34. Be3 {[%emt 0:00:09]} Bf6 {[%emt 0:00:04] Dust Tornado resigns (Lag: Av=0.53s, max=1.1s)} 0-1